| 000 | 00556ntaaa2200217 4500 | ||
|---|---|---|---|
| 003 | 01 | ||
| 005 | 20251027201037.0 | ||
| 008 | 0714s1973 ag 01 | ||
| 040 |
_aAR-BaBN _bspa _cAR-BaBN _eaacr _dRIC |
||
| 082 | _a160 G76r | ||
| 100 |
_aGranger, Gilles Gaston _97735 |
||
| 245 |
_aLa razón / _cGilles Gaston Granger |
||
| 250 | _a4 ed. | ||
| 260 |
_aBuenos Aires : _bEudeba, _c1972 |
||
| 300 | _a67 p. | ||
| 500 | _a(Biblioteca cultural, cuadernos Eudeba: 12) | ||
| 650 |
_aLogica _95031 |
||
| 650 | _aFilosofia | ||
| 650 |
_aRazon _96618 |
||
| 942 | _cBK | ||
| 999 |
_c4581 _d4581 |
||